High and dry (Record no. 76098)

MARC details
000 -LEADER
fixed length control field 00648cab a2200169 4500
001 - CONTROL NUMBER
control field ##L131466
008 - FIXED-LENGTH DATA ELEMENTS--GENERAL INFORMATION
fixed length control field 051107n2005 000 0 eng u
035 ## - SYSTEM CONTROL NUMBER
System control number (Sirsi) u131466
041 0# - LANGUAGE CODE
Language code of text/sound track or separate title eng
100 1# - MAIN ENTRY--PERSONAL NAME
Personal name Cole, Margo
245 00 - TITLE STATEMENT
Title High and dry
260 ## - PUBLICATION, DISTRIBUTION, ETC.
Date of publication, distribution, etc. 2005
490 #0 - SERIES STATEMENT
Series statement New Civil Engineer
Volume/sequential designation (1597) 20 October 2005, 29-30(2)
520 ## - SUMMARY, ETC.
Summary, etc. Reports on the construction of a new flood protection scheme at Tilbury, on the Thames. The Hotel Gardens outfall sewer is being replaced, to provide enhanced protection for 4,000 homes in the town.
690 ## - LOCAL SUBJECT ADDED ENTRY--TOPICAL TERM (OCLC, RLIN)
Topical term or geographic name as entry element ENVIRONMENTAL AND LAND CONSULTANCY-WATER RESOURCE MANAGEMENT-FLOODING
942 ## - ADDED ENTRY ELEMENTS (KOHA)
Suppress in OPAC 0
Holdings
Withdrawn status Lost status Source of classification or shelving scheme Damaged status Not for loan Home library Current library Shelving location Date acquired Total Checkouts Full call number Barcode Date last seen Copy number Price effective from Koha item type
    Dewey Decimal Classification     London London Journal article 07/11/2005   L131466 131466-1001 06/08/2019 1 06/08/2019 Journal article